|
|
|
|
| LEADER |
00976nam a2200253 a 4500 |
| 001 |
2998975 |
| 008 |
091223r19971994enka b 001 0 eng d |
| 010 |
|
|
|a 93047627
|
| 020 |
|
|
|a 0415087481 (hbk.)
|
| 020 |
|
|
|a 0415087473 (pbk.)
|
| 040 |
|
|
|a DLC
|c DLC
|d DLC
|d BD-DhAAL
|
| 082 |
0 |
0 |
|a 302.3/5
|2 20
|
| 245 |
0 |
0 |
|a Anthropology of organizations /
|c edited by Susan Wright.
|
| 260 |
|
|
|a London ;
|a New York :
|b Routledge,
|c 1994.
|
| 300 |
|
|
|a xi, 217 p. :
|b ill. ;
|c 22 cm.
|
| 504 |
|
|
|a Includes bibliographical references and indexes.
|
| 541 |
1 |
|
|e 00010870
|
| 650 |
|
0 |
|a Business anthropology.
|
| 650 |
|
0 |
|a Corporate culture.
|
| 650 |
|
0 |
|a Associations, institutions, etc.
|
| 700 |
1 |
|
|a Wright, Susan,
|d 1951-
|
| 852 |
4 |
|
|a Ayesha Abed Library
|j General shelf
|
| 999 |
|
|
|c 6363
|d 6363
|
| 952 |
|
|
|0 0
|1 0
|2 ddc
|4 1
|6 302_350000000000000_ANT_1994
|7 0
|9 6420
|a BRACUL
|b BRACUL
|c SPS
|d 2009-12-23
|g 0.00
|l 0
|o 302.35 ANT
|p 3010010870
|r 2009-12-23
|t 1
|w 2009-12-23
|y BK
|x No price found in the accession register.
|